000
00304nam a22001337a 4500
008
180824b xxu||||| |||| 00| 0 eng d
020
_a
9781133234357
041
_a
eng
080
_2
7 ED
_a
51
100
_a
38
101
_a
MAT
245
_a
CALCULUS EARLY TRANSCENDENTALS
_c
JAMES.S
942
_2
udc
_c
BK
999
_c
47302
_d
47302